Responses for Show #4460 - Friday, January 16, 2004

Contestants

[<< previous game]

Carolyn Zsoldos, a clinical support specialist from Wilmington, Delaware

Clay Wilson, a newspaper reporter from Hampton, Georgia

Frank Amanat, an attorney from South Orange, New Jersey (whose 1-day cash winnings total $15,250)

[next game >>]

Jeopardy! Round responses

STATE CAPITALS
OUR NATIONAL PASTIME
BESTSELLERS BY DECADE
WHAT DID I DO WITH MY KEYS?
INVENTIVE MINDS
(Alex: And finally, logically enough...)
THE "END"
    $200 1
Austin, Texas

Clay
    $200 7
the New York Yankees

Frank
    $200 2
the 1970s

Frank
    $200 18
Levi's

Carolyn
    $200 12
Thomas Edison

Clay
    $200 23
amend

Frank
    $400 3
Denver

Frank
    $400 8
Barry Bonds

Frank
    $400 13
(Carolyn: What is the 1940s?)
(Clay: What is the 1960s?)

the 1950s

FrankClayCarolyn
    $400 19
planter

Carolyn
    $400 14
computer

Frank
    $400 24
comprehend

Frank
    $1,000 4
(2 of) Carson City, Jefferson City, Oklahoma City & Salt Lake City

Frank
    $600 9
Tommy Lasorda

Frank
    $600 28
(Clay: What is '70s?)

the 1960s

ClayCarolyn
    $600 20
Jacuzzi

Carolyn
    $600 15
camera

Frank
    $600 25
(Alex: With less than a minute.)

South Bend

Frank
    $800 5
Frankfort

Frank
    $800 10
ash

Frank
    $800 29
(Frank: What is the 1930s?)

the 1940s

FrankCarolyn
    $800 21
magpie

Carolyn
    $800 16
the liver

Frank
    $800 26
dividend

Frank
    $1000 6
Augusta, Maine

Frank
    $1000 11
Ted Williams

Frank
    $1000 30
the 1920s

Frank
    $1000 22
the ignition

Triple Stumper
    $1000 17
(Alex: That's why he's "Special!")

vitamin K

Frank
    $1000 27
apprehend

Clay

Scores at the first commercial break (after clue 15):

Frank Clay Carolyn
$7,800 $0 -$400

Scores at the end of the Jeopardy! Round:

Frank Clay Carolyn
$11,800 $400 $3,000

Double Jeopardy! Round responses

MYTHOLOGICAL PAINTINGS
MUSICIANS
WAXES
PEOPLE
FROM A TO Y
(Alex: Each correct response will begin with the letter A & end with the letter Y.)
THE END
    $400 1
the Swan

Carolyn
    $400 7
Desi Arnaz

Frank
    $400 24
(Clay: What is pectin?)

beeswax

FrankClay
    $400 17
Connie Chung

Frank
    $400 4
alimony

Clay
    $400 12
Harry Houdini

Frank
    $800 2
(Frank: Who is Minerva?)
...
(Alex: I bet ya Frank meant to say that and misspoke!)

Medusa

FrankCarolyn
    $800 21
(Frank: Who is Count Basie?)
(Clay: Who is Dizzy Gillespie?)

Herb Alpert

FrankClay
Triple Stumper
    $800 25
coal

Frank
    $800 18
(Wally) "Famous" Amos

Carolyn
    $800 8
Albany (New York)

Frank
    $800 13
FDR

Frank
    $1200 3
Poseidon

Frank
    $1200 22
Yanni

Frank
    $1200 26
shellac

Carolyn
    $1200 19
(Clay: Who is Bill Gates?)

Paul Allen

Clay
Triple Stumper
    $1200 9
atrophy

Frank
    $1200 14
Ivan the Terrible

Carolyn
    $1600 5
the birth of Venus

Clay
    $1600 29
John Tesh

Frank
    $1600 27
lanolin

Frank
    $1600 20
James Mischka

Triple Stumper
    $1600 10
ability

Frank
    $5,000 15
Howard Hughes

Carolyn
    $2000 6
Orpheus

Carolyn
    $1,400 30
(Frank: Who is Itzhak Perlman?)

Pinchas Zukerman

Frank
    $2000 28
spermaceti

Triple Stumper
    $2000 23
Phil Gramm

Triple Stumper
    $2000 11
autonomy

Frank
    $2000 16
Hart Crane

Triple Stumper

Scores at the end of the Double Jeopardy! Round:

Frank Clay Carolyn
$23,200 $0 $14,400

[wagering suggestions for these scores]

Final Jeopardy! Round responses

THE MOVIES
(Alex: One of these films was a mega-hit; the other, less so.)
CarolynWhat are E.T. & A.I.
$14,400
FrankWhat are E.T. & A.I.?
$5,650
E.T. (E.T. the Extra-Terrestrial) & A.I. (Artificial Intelligence)

Final scores:

Frank Clay Carolyn
$28,850 $0 $28,800
2-day champion: $44,100 3rd place: $1,000 2nd place: $2,000

Game dynamics:

Coryat scores:

Frank Clay Carolyn
$24,200 $0 $11,000
34 R
(including 1 DD),
4 W
(including 1 DD)
5 R,
5 W
13 R
(including 1 DD),
1 W

Combined Coryat: $35,200

[game clues] [game scores] [suggest correction]

Game tape date: 2003-11-12
The J! Archive is created by fans, for fans. Scraping, republication, monetization, and malicious use prohibited; this site may use cookies and collect identifying information. See terms. The Jeopardy! game show and all elements thereof, including but not limited to copyright and trademark thereto, are the property of Jeopardy Productions, Inc. and are protected under law. This website is not affiliated with, sponsored by, or operated by Jeopardy Productions, Inc. Join the discussion at JBoard.tv.